00538nam a22001577a 450000500170000001000150001702000300003203500140006203700090007608200140008510000230009924500640012226000570018627001170024330000200036020211229103559.0 aENG-130343 a978-93-886-89-120c499.00 aEN-113875 bDBAD a324.95404 aBhallla, Surjit S. aCitizen Raj:bIndian Elections 1952-2019/cSurjit S. Bhalla aChennaibWestland Publications Private Limitedc2019 a1st Floor, A Block, East Wing, Plot No. 40, SP Infocity, Dr MGR Salai, Perungudi, KandanchavadibChennaie600096 a222pc22cm(hbk)